000 00752nam a2200253Ia 4500
003 OSt
005 20221006142921.0
006 a|||||r|||| 00| 0
007 ta
008 221006b |||||||| |||| 00| 0 eng d
020 _cY150
024 _a7,528
037 _bGift, Japan Foundation
_cTextual
040 _aEASL
_cEASL
_beng
041 _2eng
_aeng
082 _aV42:2.N94, N4
100 _aYOMIURI SHIMBUN
_9648724
245 0 _aProposal for the revision of the text of the constitition of Japan, November 3, 1994
260 _aTokyo
_bYomiuri Shimbun Japan
_c1994
300 _a68p.
_ccm.
490 _v JEL
942 _hV42:2.N94, N4
_cTEXL
_2CC
999 _c1075614
_d1075614